MARC

LEADER 00000nam0a2200000 4500
001 296131
005 20231102000857.0
020 |a RU  |b 84-16162 
035 |a (RuTPU)RU\TPU\book\321225 
090 |a 296131 
100 |a 20150528d1984 km y0rusy5003 ca 
101 0 |a rus 
102 |a RU 
105 |a a z 000zy 
200 1 |a Экономико-статистические и сетевые методы в планировании и организации ремонтных работ  |f О. Сабденов 
210 |a Москва  |c Машиностроение  |d 1984 
215 |a 94 с.  |c ил. 
606 1 |a Промышленное оборудование  |x Ремонт  |x Технический контроль  |x Техническое нормирование  |x Механизация  |2 stltpush  |3 (RuTPU)RU\TPU\subj\52287  |9 70773 
610 1 |a машиностроительные заводы 
610 1 |a ремонтное хозяйство 
610 1 |a оборудование 
610 1 |a сетевые методы 
610 1 |a экономико-статистические методы 
610 1 |a примерение 
610 1 |a программные методы 
610 1 |a ремонтные работы 
675 |a 621.797  |z rus  |v 4 
700 1 |a Сабденов  |b О. С.  |g Оразалы Сабденович 
801 0 |a RU  |b RuMRKP  |c 19950704  |g psbo 
801 1 |a RU  |b 63413507  |c 20150528 
801 2 |a RU  |b 63413507  |c 20170725  |g RCR 
942 |c BK